000 00409pam a2200157a 44500
008 230405s0 xxu||||| |||| 00| 0 eng d
041 _aENG
100 _aWORLD HEALTH ORGANIZAION
245 _aBLOOD& BLOOD PRODUCTS
_b5VOL SET
260 _aDELHI
_bWORLD HEALTH ORGANIZATION
_c0
300 _a157p.
440 _aSOURCE=RATNAKAR BOOK MIRAJ
650 _aVOCATIONAL
690 _aVOCATIONAL
906 _a10493
999 _c790709
_d790709